अग्निगर्भ / (Record no. 149230)
[ view plain ]
| 000 -LEADER | |
|---|---|
| fixed length control field | 01500nam a22002537a 4500 |
| 005 - DATE AND TIME OF LATEST TRANSACTION | |
| control field | 20180115144331.0 |
| 010 ## - LCCN (DPL NO) | |
| LC control number | B-668925 |
| 020 ## - INTERNATIONAL STANDARD BOOK NUMBER | |
| International Standard Book Number | 8126313064 |
| Terms of availability | 275.00 |
| 035 ## - SYSTEM CONTROL NUMBER | |
| System control number | B-668925 |
| 037 ## - SOURCE OF ACQUISITION | |
| Source of stock number/acquisition | भारतीय ज्ञानपीठ/ PUB |
| 082 ## - DEWEY DECIMAL CLASSIFICATION NUMBER | |
| Classification number | 821 |
| 100 ## - MAIN ENTRY--PERSONAL NAME | |
| Personal name | मुखोपाध्याय, सुभाष |
| 245 ## - TITLE STATEMENT | |
| Title | अग्निगर्भ / |
| Statement of responsibility, etc | सुभाष मुखोपाध्याय; रणजीत साहा द्वारा अनुदित एवं सम्पादित |
| 246 ## - VARYING FORM OF TITLE | |
| Title proper/short title | Agnigarbha |
| Remainder of title | by Subash Mukhopadhyay |
| 250 ## - EDITION STATEMENT | |
| Edition statement | 3सरा संस्क |
| 260 ## - PUBLICATION, DISTRIBUTION, ETC. (IMPRINT) | |
| Place of publication, distribution, etc | नई दिल्ली |
| Name of publisher, distributor, etc | भारतीय ज्ञानपीठ |
| Date of publication, distribution, etc | 2016 |
| 270 ## - ADDRESS | |
| Address | 18, इन्स्टीट्यूशनल एरिया, लोदी रोड |
| City | नई दिल्ली |
| Postal code | 110003 |
| 300 ## - PHYSICAL DESCRIPTION | |
| Extent | 264पृ. |
| Other physical details | 22सेमी (सजिल्द) |
| 500 ## - GENERAL NOTE | |
| General note | भारतीय ज्ञानपीठ से सम्मानित कृति |
| 700 ## - ADDED ENTRY--PERSONAL NAME | |
| Personal name | साहा, रणजीत |
| 9 (RLIN) | 24521 |
| 942 ## - ADDED ENTRY ELEMENTS (KOHA) | |
| Source of classification or shelving scheme | Dewey Decimal Classification |
| Item type | Hindi Books |
| Classification part | 821 |
| Call number suffix | मुखोपा |
| Withdrawn status | Lost status | Not for loan | Collection code | Home library | Current library | Date acquired | Source of acquisition | Cost, normal purchase price | Full call number | Barcode | Copy number | Cost, replacement price | Koha item type |
|---|---|---|---|---|---|---|---|---|---|---|---|---|---|
| Non-fiction | Ashok Vihar | Ashok Vihar | 15/01/2018 | भारतीय ज्ञानपीठ/D/00830-D5/22.2.17/342/9.2.17/20.3.17 | 275.00 | 821 मुखोपा | B-668925 | 1 | 275.00 | Hindi Books |
